000 00690cam a2200229 4500
001 45802
090 _a45802
100 _a19990108d1945 m y0pory50030103ba
101 1 _apor
102 _aPT
200 1 _aA vingança diabólica de Rangú
_fJames Strong
_gversão livre de Manuel Morais
210 9 _aLisboa
_cRomano Torres,
_d1945
215 _a183, [9] p.
_d20 cm
225 2 _aGrandes mistérios, grandes aventuras
_v14
304 _aTít. orig.: The revenge of Rangú
317 _aArquivo da Editora Romano Torres
317 _aArquivo da Editora Romano Torres
675 _a821.111(73)-31
700 1 _aStrong,
_bJames
702 1 _aMorais,
_bManuel
_4730
801 0 _aPT
_bBN
_gRPC
990 _cLIVROS